Devine le joueur de foot #7 - Statistiques

Statistiques générales
  • Ce quiz a été pris 139 fois
  • Le résultat moyen est 17 sur 20
Statistiques - réponses
Par images Réponse % Correct
Olivier Giroud
99%
Zlatan Ibrahimović
98%
Blaise Matuidi
95%
Raphael Dias Belloli
95%
Hugo Ekitiké
94%
Lautaro Martínez
93%
Mario Balotelli
92%
Xabi Alonso
92%
Paolo Maldini
91%
Radamel Falcao García
89%
Leroy Sané
88%
George Weah
86%
Georginio Wijnaldum
84%
Gianluigi Donnarumma
84%
Thiago Alcântara
83%
Edwin van der Sar
81%
Xherdan Shaqiri
81%
Jeremie Frimpong
79%
Manuel Ugarte
72%
Angelo Stiller
39%
Aucun quiz correspondant
Distribution des résultats
% des personnes avec chaque résultat
Percentile par nombre de réponses
Votre historique - résultats
Vous n’avez pas pris ce quiz